[Event "Philadelphia World op"]
[Site "Philadelphia"]
[Date "1991.??.??"]
[Round "7"]
[White "Hjartarson, Johann"]
[Black "Fedorowicz, John P"]
[Result "1/2-1/2"]
[WhiteElo "2550"]
[BlackElo "2525"]

1.d4 Nf6 2.c4 g6 3.Nc3 Bg7 4.e4 d6 5.Nf3 O-O 6.Be2 e5 7.O-O Nc6 8.d5 Ne7
9.Ne1 Nd7 10.Nd3 f5 11.Bd2 Nf6 12.f3 f4 13.g4 g5 14.b4 h5 15.h3 Ng6 16.Be1 Rf7
17.Kg2 Bf8 18.Rh1 Rh7 19.Bf2 Bd7 20.Rc1 Be7 21.Qb3 Kg7 22.c5 Qh8 23.a4 hxg4
24.hxg4 Nh4+ 25.Bxh4 Rxh4 26.Nf2 dxc5 27.Nb5 cxb4 28.Qb2 Bd6 29.Rxc7 Rxh1
30.Nxh1 Bxc7 31.Nxc7 Re8 32.Qxb4 b6 33.Nxe8+ Qxe8 34.a5 Qf8 35.Qc3 Qd6 36.Nf2 Ne8
37.axb6 axb6 38.Nd3 Kf6 39.Qa1 Nc7 40.Nb2 b5 41.Nd3 b4 42.Qh1 Kg7 43.Qh5 Qf6
44.Nxb4 Ne8 45.Nd3 Nd6 46.Nc5 Bc8 47.Qh1 Nf7 48.Qb1 Qd6 49.Qb5 Nd8 50.Qa5 Nf7
51.Qa7 Kf6 52.Bb5 Qe7 53.Qb6+ Qd6 54.Qa7 Qe7 55.Bd7 Bxd7 56.Nxd7+ Kg7 57.Qb7 Qd6
58.Qc6 Qe7 59.Qe6 Qxe6 60.dxe6 Nd6 61.Nxe5 Kf6 62.Nf7 Nb5 63.Kh3 Nc7 64.e5+ Kxe6
65.Nxg5+ Kxe5 66.Ne4 Ne6 67.Kh4 Nd4 68.Nd2 Ne6 69.Nb3 Kf6 70.Kh5 Ng5 71.Nd2 Nf7
72.Ne4+ Kg7 73.Ng5 Ne5 74.Ne6+ Kf6 75.Nd4 Nf7 76.Nc6 Ng5 77.Ne5 Ne6 78.Nc4 Ng5
79.Nd2 Nf7 80.Ne4+ Kg7 81.Kh4 Ne5 82.Nd2 Kh6 83.Kh3 Kg6 84.Kg2 Kg5 85.Ne4+ Kh4
86.Nc5  1/2-1/2

[Event "Podgorica"]
[Site "Podgorica"]
[Date "1991.??.??"]
[Round "6"]
[White "Engqvist, Thomas"]
[Black "Levacic, Patrick"]
[Result "1-0"]
[WhiteElo "2355"]
[BlackElo "2230"]

1.d4 Nf6 2.c4 g6 3.Nc3 Bg7 4.Nf3 O-O 5.e4 d6 6.Be2 e5 7.O-O Nc6 8.Be3 Ng4
9.Bg5 f6 10.Bc1 Nh6 11.dxe5 Nxe5 12.Nxe5 dxe5 13.Qxd8 Rxd8 14.Nd5 c6 15.Nxf6+ Bxf6
16.Bxh6 Rd4 17.Be3 Rxe4 18.Bd3 Rh4 19.g3 e4 20.Be2 Rh3 21.Rad1 g5 22.Rd6 Kg7
23.Bd4 Rh6 24.Rxf6 Rxf6 25.f4 g4 26.Rd1 Bf5 27.h3 h5 28.h4 e3 29.Kf1 Be4
30.Bxf6+ Kxf6 31.Rd6+ Kf7 32.Rd7+ Kf6 33.Rxb7 Rd8 34.Rb3 Rd2 35.Rxe3 Kf5
36.Rb3 a5 37.Ke1 Rc2 38.Kd1 a4 39.Rb8 a3 40.bxa3 Rxa2 41.Ke1 Rxa3 42.Kf2 Bf3
43.Rf8+ Ke4 44.Re8+ Kd4 45.Rd8+ Ke4 46.Re8+ Kd4 47.Rd8+ Ke4 48.Bf1 Ra2+ 49.Kg1 Ke3
50.f5 Be4 51.f6 Rf2 52.Re8 Rxf6 53.Bg2 Rf3 54.Bxf3 gxf3 55.c5 f2+ 56.Kf1 Kf3
57.Rxe4 Kxe4 58.Kxf2 Kd5 59.g4 hxg4 60.Kg3  1-0

[Event "Podgorica"]
[Site "Podgorica"]
[Date "1991.??.??"]
[Round "9"]
[White "Marinovic, Bozidar"]
[Black "Levacic, Patrick"]
[Result "1-0"]
[WhiteElo "2355"]
[BlackElo "2230"]

1.d4 Nf6 2.Nf3 g6 3.c4 Bg7 4.Nc3 O-O 5.e4 d6 6.Be2 e5 7.O-O Nc6 8.Be3 Ng4
9.Bg5 f6 10.Bc1 exd4 11.Nxd4 Nxd4 12.Qxd4 f5 13.Qd5+ Kh8 14.Bxg4 fxg4 15.Ne2 c6
16.Qd3 Be5 17.Rb1 Be6 18.b3 Qf6 19.Be3 c5 20.Qd2 a6 21.Bg5 Qf7 22.Nc3 Rab8
23.a4 Qd7 24.Rbd1 Rf7 25.Bh4 Bf4 26.Qd3 g5 27.Bg3 Rd8 28.Nd5 Kg8 29.Qc3 Bxd5
30.Rxd5 Qc7 31.Bxf4 gxf4 32.f3 gxf3 33.Qxf3 Re8 34.Qg4+ Kh8 35.Rxf4 Rg7 36.Qh3 Rg6
37.g3 Qg7  1-0

[Event "Podolsk"]
[Site "Podolsk"]
[Date "1991.??.??"]
[Round "?"]
[White "Belov, Igor"]
[Black "Volke, Karsten"]
[Result "1/2-1/2"]
[WhiteElo "2435"]
[BlackElo "2425"]

1.Nf3 Nf6 2.c4 g6 3.Nc3 Bg7 4.e4 d6 5.d4 O-O 6.Be2 e5 7.O-O Nc6 8.d5 Ne7
9.Bg5 h6 10.Bxf6 Bxf6 11.b4 Kg7 12.c5 Ng8 13.a4 Be7 14.cxd6 Bxd6 15.Qb3 f5
16.Nd2 Nf6 17.exf5 Bxf5 18.Nc4 Qe7 19.Nxd6 cxd6 20.a5 Ne4 21.Nxe4 Bxe4 22.f3 Bf5
23.Rac1 Rac8 24.Qe3 Qg5 25.Qxg5 hxg5 26.a6 Rxc1 27.Rxc1 Rc8 28.axb7 Rxc1+
29.Kf2 Rc8 30.bxc8=Q Bxc8  1/2-1/2

[Event "Podolsk"]
[Site "Podolsk"]
[Date "1991.??.??"]
[Round "?"]
[White "Belov, Igor"]
[Black "Touzane, Olivier"]
[Result "1-0"]
[WhiteElo "2435"]
[BlackElo "2250"]

1.Nf3 Nf6 2.c4 g6 3.Nc3 Bg7 4.e4 d6 5.d4 O-O 6.Be2 e5 7.O-O Nc6 8.d5 Ne7
9.Bg5 h6 10.Bxf6 Bxf6 11.b4 Kg7 12.c5 Ng8 13.Nd2 Bg5 14.Nc4 f5 15.a4 Nf6
16.exf5 gxf5 17.cxd6 cxd6 18.a5 Qe7 19.a6 b6 20.Nb5 Rd8 21.Re1 Ne8 22.Bh5 Nc7
23.Nd4 Qf6 24.Nc6 Rg8 25.Ne3 Bxa6 26.Qc2 e4 27.Nd4 Rac8 28.Ndxf5+ Kh8 29.Qxe4 Bxe3
30.Nxe3 Rg5 31.Qf3 Qxf3 32.Bxf3 Bd3  1-0

[Event "POL-ch (Women)"]
[Site "POL"]
[Date "1991.??.??"]
[Round "6"]
[White "Lissowska, Anna"]
[Black "Kurlenda, Alicja"]
[Result "1/2-1/2"]
[WhiteElo "2195"]
[BlackElo "2125"]

1.d4 Nf6 2.c4 g6 3.Nc3 Bg7 4.e4 d6 5.Nf3 O-O 6.Be2 e5 7.O-O Nc6 8.d5 Ne7
9.b4 a5 10.bxa5 Rxa5 11.Nd2 Nd7 12.Nb3 Ra8 13.a4 f5 14.f3 Kh8 15.Ba3 b6 16.Bb4 Bh6
17.Qd3 Ng8 18.a5 Nc5 19.Bxc5 bxc5 20.Ra2 Nf6 21.Rfa1 Ra6 22.Nd2 Nh5 23.g3 Qg5
24.Kh1 Qe7 25.Nf1 Nf6 26.Nd2 Bg7 27.Bf1 h5 28.Ne2 Bh6 29.Nc3 Nh7 30.Re1 Qf7
31.Bg2 f4 32.Rf1 Qf6 33.Ne2 Qe7 34.Qc3 fxg3 35.hxg3 h4 36.g4 Bf4 37.Nxf4 Rxf4
38.Bh3 Ng5 39.Kh2 Qf7 40.Ra3 Qd7 41.Qb3 Kh7 42.Qc3 Nf7 43.Rb1 Nh8 44.Bf1 g5
45.Bd3 Qe7 46.Bc2 Rf8 47.Nf1 Qf6 48.Qd2 Nf7 49.Ba4 Nh6 50.Kh3 Kg6 51.Bb5 Ra7
52.Nh2 Kh7 53.Kg2 Kg6 54.Rba1 Kh7 55.Qe3 Kg6 56.R3a2 Kh7 57.Rb1 Kg6 58.Bc6 Ba6
59.Bb5 Bc8 60.Ra3 Kh7 61.Qd2 Kg6 62.Rab3 Kh7 63.Bc6  1/2-1/2

[Event "Ponferrada op"]
[Site "Ponferrada"]
[Date "1991.??.??"]
[Round "?"]
[White "Morovic Fernandez, Ivan"]
[Black "Komljenovic, Davor"]
[Result "1/2-1/2"]
[WhiteElo "2535"]
[BlackElo "2490"]

1.Nf3 Nf6 2.c4 g6 3.Nc3 Bg7 4.e4 d6 5.d4 O-O 6.Be2 e5 7.O-O Nc6 8.d5 Ne7
9.Ne1 Nd7 10.Nd3 f5 11.Bd2 Nf6 12.f3 f4 13.g4 g5 14.Be1 h5 15.h3 Rf7 16.c5 Bf8
17.cxd6 cxd6 18.Bf2 Ng6 19.Kg2 Be7 20.Rc1 Bd7 21.a4 Qf8 22.Nb5 Bxb5 23.axb5 Bd8
24.Ra1 Bb6 25.Bxb6 axb6 26.Rxa8 Qxa8 27.Qa1 Qf8 28.Kf2 Qh6 29.Ke1 Nh4 30.Rf2 Qf8
31.Kd2 hxg4 32.hxg4 Qc8 33.Rf1 Qc4 34.Qa3 Qc7 35.Rc1 Qb8 36.Qc3 Ng2 37.Qc8+ Qxc8
38.Rxc8+ Rf8 39.Rc7 Rf7 40.Rc8+ Rf8 41.Rc7  1/2-1/2

[Event "Ponferrada op"]
[Site "Ponferrada"]
[Date "1991.??.??"]
[Round "8"]
[White "Komljenovic, Davor"]
[Black "Ubilava, Elizbar"]
[Result "1-0"]
[WhiteElo "2490"]
[BlackElo "2535"]

1.d4 Nf6 2.c4 g6 3.Nc3 Bg7 4.e4 d6 5.Be2 O-O 6.Nf3 e5 7.O-O Nc6 8.Be3 Ng4
9.Bg5 f6 10.Bc1 f5 11.Bg5 Qe8 12.dxe5 dxe5 13.h3 Nf6 14.c5 Nxe4 15.Nxe4 fxe4
16.Nd2 Nd4 17.Nxe4 Qc6 18.Bd3 Bf5 19.Re1 h6 20.Bh4 g5 21.Bg3 Rad8 22.Rc1 Kh8
23.b4 Bxh3 24.gxh3 Nf3+ 25.Kf1 Nxe1 26.Kxe1 Rd4 27.Qe2 Qd7 28.c6 bxc6 29.Nc5 Qe7
30.a3 e4 31.Bxe4 Rfd8 32.Kf1 Re8 33.Re1 Qf6 34.Qh5 Rdd8 35.Re3 Rf8 36.Kg2 Qf7
37.Qxf7 Rxf7 38.Ne6 Rd2 39.Nxg7 Kxg7 40.Bxc6 Kh7 41.Re8  1-0

[Event "JUG-Cup final"]
[Site "Pula"]
[Date "1991.??.??"]
[Round "4"]
[White "Cebalo, Miso"]
[Black "Tosic, Miroslav"]
[Result "1/2-1/2"]
[WhiteElo "2540"]
[BlackElo "2455"]

1.d4 Nf6 2.Nf3 g6 3.c4 Bg7 4.Nc3 O-O 5.e4 d6 6.Be2 e5 7.O-O Nc6 8.Be3 Ng4
9.Bg5 f6 10.Bc1 Nh6 11.d5 Ne7 12.b4 g5 13.c5 Ng6 14.Nd2 Nf4 15.Nc4 f5 16.cxd6 cxd6
17.Nb5 Rf6 18.Bb2 Nxe2+ 19.Qxe2 f4 20.Qd3 g4 21.Rac1 Nf7 22.Nd2 Rh6 23.g3 Bd7
24.Nc7 Rc8 25.Ne6 Bxe6 26.dxe6 Rxe6 27.Qd5 Re7 28.gxf4 exf4 29.Bxg7 Rxc1
30.Rxc1 Kxg7 31.Qf5 Qd7 32.Qxf4 Ne5 33.Nc4 Kg6 34.Nxe5+ dxe5 35.Qe3 Qd4  1/2-1/2

[Event "JUG-Cup final"]
[Site "Pula"]
[Date "1991.??.??"]
[Round "4"]
[White "Kozul, Zdenko"]
[Black "Popovic, Petar"]
[Result "1-0"]
[WhiteElo "2580"]
[BlackElo "2510"]

1.d4 Nf6 2.c4 g6 3.Nc3 Bg7 4.e4 d6 5.Nf3 O-O 6.Be2 e5 7.O-O Nc6 8.d5 Ne7
9.Ne1 Nd7 10.Be3 f5 11.f3 f4 12.Bf2 g5 13.a4 a5 14.Nd3 b6 15.Be1 c5 16.dxc6 Nb8
17.c7 Qxc7 18.Qb3 Kh8 19.Qa3 Qd8 20.Nb5 Rf6 21.Rd1 Nec6 22.Bc3 Rg6 23.Rd2 Nd4
24.Bxd4 exd4 25.Ne1 Nc6 26.Nc2 g4 27.fxg4 Qg5 28.Ncxd4 Ne5 29.Nf3 Qxg4 30.Rf2 Qh5
31.Rxd6 Bg4 32.Nxe5 Bxe5 33.Rxg6 Qxg6 34.Bxg4 Qxg4 35.Qf3 Qg7 36.Rd2 Qe7
37.b3 Rg8 38.Rd5 Qb4 39.Kf1 Bf6 40.e5 Bh4 41.Qc3 Qe7 42.Nd6 f3 43.e6+ Bf6
44.Nf7+ Kg7 45.Qxf3 Qxe6 46.Ng5 Qe7 47.Qf5 Kh8 48.Nf3 Bg7 49.Qd3 h6 50.g3 Re8
51.Kf2 Qf6 52.Kg2 Qe6 53.Nh4 Qe1 54.Kh3  1-0

[Event "Pyskowice op"]
[Site "Pyskovice"]
[Date "1991.??.??"]
[Round "?"]
[White "Judycki, Wieslaw"]
[Black "Dykacz, K."]
[Result "1/2-1/2"]
[WhiteElo "2130"]
[BlackElo "2100"]

1.d4 Nf6 2.c4 g6 3.Nc3 Bg7 4.e4 d6 5.Nf3 O-O 6.Be2 e5 7.O-O Nc6 8.d5 Ne7
9.Nd2 Nd7 10.b4 f5 11.Nb3 Nf6 12.f3 f4 13.c5 g5 14.g4 fxg3 15.hxg3 Qd7 16.Rf2 h6
17.Rh2 a6 18.Be3 Qe8 19.Nd2 Qg6 20.Rc1 g4 21.f4 exf4 22.gxf4 h5 23.cxd6 cxd6
24.Qe1 Bd7 25.f5 Bxf5 26.exf5 Nxf5 27.Bd3 g3 28.Re2 h4 29.Nf3 h3 30.Bxf5 Qxf5
31.Nd4 Qg4 32.Qd1 Ne4 33.Re1 Qh4 34.Nf3 Rxf3 35.Qxf3 Nxc3 36.Qf5 Rf8 37.Qg6 Kh8
38.Qxd6 h2+ 39.Kg2 Qe4+  1/2-1/2

[Event "San Fernando op"]
[Site "San Fernando"]
[Date "1991.??.??"]
[Round "?"]
[White "Franco Ocampo, Zenon"]
[Black "Rodriguez, Jorge Luis"]
[Result "1-0"]
[WhiteElo "2495"]
[BlackElo "2370"]

1.Nf3 Nf6 2.c4 g6 3.Nc3 Bg7 4.e4 d6 5.d4 O-O 6.Be2 e5 7.O-O Nc6 8.d5 Ne7
9.Ne1 Nd7 10.Be3 f5 11.f3 f4 12.Bf2 g5 13.a4 a6 14.Nd3 Ng6 15.c5 Nf6 16.a5 h5
17.cxd6 cxd6 18.Na4 g4 19.Nb6 g3 20.Nxa8 gxf2+ 21.Rxf2 Nd7 22.Bf1 Bf6 23.Rc2 Nc5
24.Nb6 Bd7 25.Nxc5 dxc5 26.Rxc5 Bh4 27.Nxd7 Qxd7 28.d6 Bg3 29.Rc7 Qd8 30.Qd5+ Kh8
31.Qxb7  1-0

[Event "San Fernando op"]
[Site "San Fernando"]
[Date "1991.??.??"]
[Round "?"]
[White "Piza Cortizo, Daniel"]
[Black "Campos Lopez, Mario"]
[Result "0-1"]
[WhiteElo "2325"]
[BlackElo "2335"]

1.d4 Nf6 2.c4 g6 3.Nc3 Bg7 4.e4 d6 5.Nf3 O-O 6.Be2 e5 7.O-O Nc6 8.d5 Ne7
9.Bg5 Nd7 10.Nd2 f5 11.exf5 gxf5 12.f4 Nf6 13.fxe5 dxe5 14.c5 h6 15.Bxf6 Rxf6
16.Bc4 Kh8 17.Nf3 Rg6 18.Qe2 e4 19.Nh4 Rg5 20.Rad1 Ng6 21.Nxg6+ Rxg6 22.Qh5 Kh7
23.Kh1 Qe7 24.d6 cxd6 25.cxd6 Rxd6 26.Rxd6 Qxd6 27.Rd1 Qe7 28.Nd5 Qe5 29.Ne3 f4
30.Qf7 Bh3 31.gxh3 fxe3 32.Qxb7 Rf8 33.Qd5 Qxd5 34.Bxd5 e2 35.Bxe4+ Kh8  0-1

[Event "San Francisco"]
[Site "San Francisco"]
[Date "1991.??.??"]
[Round "6"]
[White "Browne, Walter S"]
[Black "Fedorowicz, John P"]
[Result "0-1"]
[WhiteElo "2500"]
[BlackElo "2555"]

1.d4 Nf6 2.c4 g6 3.Nc3 Bg7 4.e4 d6 5.Nf3 O-O 6.Be2 e5 7.O-O Nc6 8.d5 Ne7
9.Nd2 a5 10.a3 Nd7 11.Rb1 f5 12.b4 Kh8 13.Qc2 Ng8 14.exf5 gxf5 15.f4 axb4
16.axb4 e4 17.Nb3 Rf6 18.Nd4 Nf8 19.Be3 Rg6 20.g3 Nf6 21.Ra1 Rb8 22.Kh1 h5
23.Rg1 Bd7 24.c5 dxc5 25.bxc5 c6 26.dxc6 bxc6 27.Ra6 Qc8 28.Rb6 h4 29.Qb3 Ra8
30.Kg2 Qe8 31.Rb1 Rh6 32.Rb8 Rxb8 33.Qxb8 Qg6 34.Rb7 hxg3 35.hxg3 Qh7 36.Bg1 Rh1
37.Qd6 Qh3+ 38.Kf2 e3+ 39.Kxe3 Rxg1 40.Nf3 Rc1 41.Na2 Rc2 42.Rb8 Be8 43.Nb4 Rb2
44.Nxc6 Rxe2+ 45.Kxe2 Qg2+ 46.Ke1 Qxg3+ 47.Kd2 Qxf3 48.Nd4 Qh1 49.Ke2 Bh5+
50.Kd3 Qd1+ 51.Kc4 Bf7+ 52.Kb5 Ne8  0-1

[Event "Schoeneck"]
[Site "Schoeneck"]
[Date "1991.??.??"]
[Round "2"]
[White "Alber, Horst"]
[Black "Beck, Daniel"]
[Result "1-0"]
[WhiteElo "2345"]
[BlackElo "2220"]

1.d4 Nf6 2.c4 g6 3.Nc3 Bg7 4.e4 d6 5.Nf3 O-O 6.Be2 e5 7.O-O Nc6 8.d5 Ne7
9.b4 Nh5 10.g3 f5 11.Ng5 Nf6 12.f3 Kh8 13.Kg2 Neg8 14.Bd2 Qe7 15.Rc1 a5 16.a3 axb4
17.axb4 Nh6 18.c5 Nf7 19.c6 bxc6 20.dxc6 h6 21.Nxf7+ Qxf7 22.Ra1 Be6 23.Ra5 Rxa5
24.bxa5 d5 25.Qa4 Rd8 26.a6 dxe4 27.fxe4 Bb3 28.Qa5 Rxd2 29.a7 Nxe4 30.a8=Q+ Kh7
31.Nxe4 Rxe2+ 32.Nf2 Ra2 33.Qxa2 Bxa2 34.Kg1 e4 35.Qd8 Be5 36.Nxe4 Bc4 37.Rd1 Be6
38.Nc5 Bd6 39.Nxe6  1-0

[Event "Schoeneck"]
[Site "Schoeneck"]
[Date "1991.??.??"]
[Round "5"]
[White "Bode, Ulf"]
[Black "Schaack, Harry"]
[Result "0-1"]
[WhiteElo "2265"]
[BlackElo "2305"]

1.d4 Nf6 2.c4 g6 3.Nc3 Bg7 4.e4 d6 5.Be2 O-O 6.Nf3 e5 7.O-O Nc6 8.d5 Ne7
9.Ne1 Nd7 10.Nd3 f5 11.f3 Nf6 12.Bd2 c5 13.Rb1 f4 14.b4 b6 15.bxc5 bxc5 16.g4 fxg3
17.hxg3 Nh5 18.Qe1 Bh3 19.Rf2 Nxg3 20.Rh2 Nxe2+ 21.Qxe2 Bd7 22.Bg5 Bf6 23.Bh6 Rf7
24.Rg2 Rb8 25.Rc1 Nc8 26.Kh1 Bg7 27.Bxg7 Kxg7 28.Qe3 Qf6 29.Rg3 Nb6 30.Ne2 Rbf8
31.Kg2 Kh8 32.Nb2 Bc8 33.Rh1 Rb7 34.Qc1 Rg7 35.Rh6 Bg4 36.Qe3 Bh5 37.a4 Rgf7
38.Ng1 Nc8 39.Nd1 Ne7 40.Nh3 Ng8 41.Ndf2  0-1

[Event "UKR-chT"]
[Site "Simferopol"]
[Date "1991.??.??"]
[Round "?"]
[White "Golod, Vitali"]
[Black "Frolov, Artur"]
[Result "1/2-1/2"]
[WhiteElo "2310"]
[BlackElo "2450"]

1.d4 Nf6 2.c4 g6 3.Nc3 Bg7 4.e4 d6 5.Be2 O-O 6.Nf3 e5 7.O-O Nc6 8.Be3 Ng4
9.Bg5 f6 10.Bh4 Nh6 11.dxe5 dxe5 12.c5 Kh8 13.Qa4 Qe8 14.Rfd1 Bg4 15.Rd2 Bxf3
16.Bxf3 Nd4 17.Bd1 Qxa4 18.Bxa4 g5 19.Bg3 f5  1/2-1/2

[Event "UKR-chT"]
[Site "Simferopol"]
[Date "1991.??.??"]
[Round "?"]
[White "Karpman, Vadim"]
[Black "Golod, Vitali"]
[Result "1/2-1/2"]
[WhiteElo "2475"]
[BlackElo "2310"]

1.d4 Nf6 2.c4 g6 3.Nc3 Bg7 4.e4 d6 5.Nf3 O-O 6.Be2 e5 7.O-O Nc6 8.d5 Ne7
9.b4 Nh5 10.c5 Nf4 11.Bxf4 exf4 12.Rc1 h6 13.Nd4 a6 14.a4 c6 15.Nb3 a5  1/2-1/2

[Event "Skopje"]
[Site "Skopje"]
[Date "1991.??.??"]
[Round "6"]
[White "Bogdanovski, Vlatko"]
[Black "Golubev, Mihail"]
[Result "0-1"]
[WhiteElo "2440"]
[BlackElo "2420"]

1.d4 Nf6 2.Nf3 d6 3.c4 g6 4.Nc3 Bg7 5.e4 O-O 6.Be2 e5 7.O-O Nc6 8.d5 Ne7
9.Nd2 Ne8 10.b4 f5 11.c5 Nf6 12.f3 f4 13.Nc4 g5 14.Ba3 Ng6 15.b5 Ne8 16.b6 axb6
17.cxb6 cxb6 18.Qb3 h5 19.Rab1 g4 20.Nxb6 Qg5 21.Kh1 Nh4 22.Nxc8 Rxc8 23.Rg1 Rf7
24.Rbc1 Bf8 25.Na4 Rxc1 26.Bxc1 Rg7 27.Qd1 Nf6 28.Nb6 Qg6 29.Bd2 Nh7 30.Qf1 g3
31.Be1 Rc7 32.Bc4 Be7 33.a4 Bd8 34.a5 Kh8 35.Qe2 Rg7 36.Bb5 Qf6 37.Be8 gxh2
38.Kxh2 Qe7 39.Ba4 Rg3 40.Bxg3 Nf5 41.Rc1 fxg3+ 42.Kg1 Qh4 43.Qb5 Qh2+ 44.Kf1 Qh1+
45.Ke2 Qxg2+  0-1

[Event "Skopje"]
[Site "Skopje"]
[Date "1991.??.??"]
[Round "11"]
[White "Sofrevski, Jovan"]
[Black "Golubev, Mihail"]
[Result "1/2-1/2"]
[WhiteElo "2415"]
[BlackElo "2420"]

1.Nf3 Nf6 2.c4 g6 3.Nc3 Bg7 4.e4 d6 5.d4 O-O 6.Be2 e5 7.O-O Nc6 8.Be3 Ng4
9.Bg5 f6 10.Bc1 exd4 11.Nxd4 Nxd4 12.Qxd4 Be6 13.Qd1 f5 14.exf5 gxf5 15.Nd5 Qd7
16.Rb1 c6 17.Nf4 Bf7 18.b3 d5 19.cxd5 cxd5 20.h3 Ne5 21.Bb2 Rad8 22.Bd4 Nc6
23.Bxg7 Kxg7 24.Qd2 d4 25.Bb5 Qd6 26.Bxc6 bxc6 27.Rbc1 c5 28.Nd3 Rc8 29.Rfe1 Kh8
30.Ne5 Bd5 31.Qf4 Rf6 32.g3 a5 33.Red1 Re8 34.Nd3 Qxf4 35.Nxf4 Bf3 36.Rd3 Be4
37.Rd2 Rc6 38.Nd3 Kg8 39.Re1 Kf8 40.Nb2 Rce6 41.Rde2 Bd5  1/2-1/2

[Event "SLO-ch"]
[Site "SLO"]
[Date "1991.??.??"]
[Round "?"]
[White "Bukic, Enver"]
[Black "Slibar, Matjaz"]
[Result "1/2-1/2"]
[WhiteElo "2455"]
[BlackElo "2225"]

1.d4 Nf6 2.c4 g6 3.Nc3 Bg7 4.e4 d6 5.Nf3 O-O 6.Be2 e5 7.O-O Nc6 8.Be3 Ng4
9.Bg5 f6 10.Bc1 Kh8 11.h3 exd4 12.Nxd4 Nxd4 13.Qxd4 f5 14.Qd3 Ne5 15.Qg3 Qf6
16.Nd5 Qf7 17.exf5 Bxf5 18.Bd2 Be6 19.Qb3 b5 20.Ne3 bxc4 21.Qc2 Rab8 22.Bc3 d5
23.Rad1 c5 24.f4 Nc6 25.Bxg7+ Kxg7 26.Bg4 Nd4 27.Qc3 Bxg4 28.Nxg4 h5 29.Rxd4 cxd4
30.Qxd4+ Kh7 31.Ne5 Qe6 32.Kh1 Rbe8 33.g4 hxg4 34.hxg4 Rh8 35.Kg2 Kg8 36.Kg3 Rh7
37.Rd1 g5 38.Qxd5 gxf4+ 39.Kxf4 Rc7 40.Qxe6+ Rxe6 41.Rd4 Ra6 42.Rxc4 Rxc4+
43.Nxc4 Rxa2 44.Ke5 Kg7 45.Kd5 Kf6 46.b4 Kg5 47.b5 Kxg4 48.Ne5+ Kf5 49.Nc6 Rd2+
50.Kc5 Rd7 51.Nxa7 Rxa7 52.b6 Ra1 53.b7 Rb1 54.Kc6 Ke6 55.Kc7  1/2-1/2

[Event "Belavenets mem op"]
[Site "Smolensk"]
[Date "1991.??.??"]
[Round "?"]
[White "Zarubin, Pavel"]
[Black "Golod, Vitali"]
[Result "0-1"]
[WhiteElo "2435"]
[BlackElo "2310"]

1.d4 Nf6 2.Nf3 g6 3.c4 Bg7 4.Nc3 d6 5.e4 O-O 6.Be2 e5 7.O-O Nc6 8.d5 Ne7
9.Nd2 a5 10.a3 Bd7 11.b3 Ne8 12.Rb1 f5 13.b4 axb4 14.axb4 Bh6 15.c5 fxe4
16.Ndxe4 Bxc1 17.Rxc1 Nf5 18.Bc4 Kh8 19.Qd2 Nf6 20.Rce1 Nxe4 21.Nxe4 Qe7
22.f4 exf4 23.Rxf4 Rae8 24.Ref1 Kg8 25.h3 Rf7 26.Qf2 Ref8 27.h4 Nh6 28.Qg3 Rxf4
29.Rxf4 Bf5 30.Ng5 Qe5 31.Nf3 Qe3+ 32.Kh2 Ra8 33.cxd6 cxd6 34.Nd4 Qe5 35.Nxf5 Nxf5
36.Qf2 Nxh4 37.Qd4 Nf5 38.Qxe5 dxe5 39.Rf3 Kg7 40.Bd3 Ra3 41.Kh3 Nd6 42.Bc2 Rxf3+
43.gxf3 Kf6 44.Kg4 h5+ 45.Kg3 Nf5+ 46.Kf2 Kg5 47.Ba4 h4 48.Bd7 Kf4 49.Be8 g5
50.Bd7 Nd6 51.Kg2 Ke3 52.Be6 b6 53.Bd7 Kf4 54.Be6 Nc4 55.Kf2 e4 56.fxe4 Kxe4
57.Kg2 Ne3+ 58.Kh3 Ke5 59.Bf7 Nxd5 60.Kg4 Nf6+  0-1

[Event "Struga"]
[Site "Struga"]
[Date "1991.??.??"]
[Round "11"]
[White "Bogdanovski, Vlatko"]
[Black "Zahariev, Pance"]
[Result "1-0"]
[WhiteElo "2440"]
[BlackElo "2325"]

1.d4 g6 2.c4 Bg7 3.Nf3 d6 4.Nc3 Nf6 5.e4 O-O 6.Be2 e5 7.O-O Nc6 8.d5 Ne7
9.Nd2 Nd7 10.b4 f5 11.c5 Nf6 12.f3 f4 13.Nc4 g5 14.a4 Rf7 15.b5 Ng6 16.b6 dxc5
17.bxc7 Qxc7 18.Nb5 Qd8 19.Nbd6 Rc7 20.Bb2 Ne8 21.Nf5 Bxf5 22.exf5 Nh4 23.d6 Rf7
24.Qd5 Nxf5 25.Nxe5 Nexd6 26.Rad1 Nd4 27.Bxd4 cxd4 28.Nxf7 Nxf7 29.Qxb7 Ne5
30.Qe4 Rb8 31.Bd3 Rb3 32.Qxh7+ Kf8 33.Qf5+ Bf6 34.Rfe1 Qd6 35.h4 gxh4 36.Qxf4 a5
37.Qh6+ Kf7 38.Rxe5 Qxe5 39.Bc4+ Ke7 40.Bxb3 Qe3+  1-0

[Event "Struga"]
[Site "Struga"]
[Date "1991.??.??"]
[Round "11"]
[White "Sofrevski, Jovan"]
[Black "Organdziev, Oliver"]
[Result "1-0"]
[WhiteElo "2415"]
[BlackElo "2320"]

1.Nf3 Nf6 2.c4 g6 3.Nc3 Bg7 4.e4 O-O 5.d4 d6 6.Be2 e5 7.O-O Nc6 8.Be3 Ng4
9.Bg5 f6 10.Bc1 exd4 11.Nxd4 Nxd4 12.Qxd4 Be6 13.Qd1 Nh6 14.Be3 f5 15.Qd2 Nf7
16.exf5 Bxf5 17.f4 Qd7 18.Bf3 c6 19.Bd4 Qe6 20.b3 Rfe8 21.Bxg7 Kxg7 22.Rae1 Qd7
23.Qd4+ Kf8 24.h3 Rxe1 25.Rxe1 Re8 26.Rxe8+ Qxe8 27.Kf2 Qe7 28.g4 Qh4+ 29.Kg2 Bd7
30.Ne4 c5 31.Nxc5 dxc5 32.Qxd7 Qe1 33.Qc8+ Kg7 34.Qxc5 Qd2+ 35.Qf2 Qxf4 36.Bxb7 Qc7
37.Qd4+ Kf8 38.Bd5 Ne5 39.b4 h5 40.Qf4+ Ke8 41.gxh5 gxh5 42.Qf6 Nf7 43.Bc6+  1-0

[Event "SWE-ch"]
[Site "SWE"]
[Date "1991.??.??"]
[Round "3"]
[White "Engqvist, Thomas"]
[Black "Johansson, Mikael"]
[Result "1-0"]
[WhiteElo "2355"]
[BlackElo "2260"]

1.d4 Nf6 2.c4 g6 3.Nc3 Bg7 4.e4 d6 5.Be2 O-O 6.Nf3 e5 7.O-O Nc6 8.Be3 Ng4
9.Bg5 f6 10.Bh4 g5 11.Bg3 Nh6 12.dxe5 fxe5 13.h3 g4 14.hxg4 Nxg4 15.Nd5 Kh8
16.Bh4 Nf6 17.Rc1 Bg4 18.Rc3 Bxf3 19.Rxf3 Nd4 20.Rh3 c6 21.Ne3 Qb6 22.Bxf6 Rxf6
23.b3 Qa5 24.Bg4 Qxa2 25.Bf5 Qe2 26.Ng4 Qxd1 27.Rxd1 Rxf5 28.exf5 Nxf5 29.Rf3 Nd4
30.Rf7 b5 31.cxb5 cxb5 32.b4 Kg8 33.Rd7 a5 34.bxa5 h5 35.Ne3 Rxa5 36.Nd5 Kh7
37.Rd3 Nf5 38.Rf3 Ra1+ 39.Kh2 Nh6 40.Ne3 Ng4+ 41.Nxg4  1-0

[Event "SWE-ch"]
[Site "SWE"]
[Date "1991.??.??"]
[Round "7"]
[White "Barkhagen, Jonas"]
[Black "Johansson, Mikael"]
[Result "1-0"]
[WhiteElo "2340"]
[BlackElo "2260"]

1.d4 Nf6 2.c4 g6 3.Nc3 Bg7 4.e4 d6 5.Be2 O-O 6.Nf3 e5 7.O-O Nc6 8.d5 Ne7
9.Ne1 Nd7 10.Nd3 f5 11.Bd2 c5 12.Rb1 fxe4 13.Nxe4 Nf5 14.b4 Nf6 15.Ng5 Nd4
16.bxc5 e4 17.Nf4 dxc5 18.Be3 Qd6 19.Nge6 Bxe6 20.Nxe6 Nxe6 21.dxe6 Qc7 22.g4 Rad8
23.Qc2 g5 24.f4 Nxg4 25.Bxg4 Rd3 26.Bc1 gxf4 27.Rb3 Rxb3 28.axb3 Bd4+ 29.Kh1 Qe5
30.e7 Qxe7 31.Rxf4 Rxf4 32.Bxf4 Qh4 33.Be6+ Kg7 34.Qxe4 Qh5 35.Bg4 Qh4 36.Qxb7+ Kf6
37.Qc6+ Kg7 38.Qd7+ Kg6 39.Bf5+  1-0

[Event "SWZ-chT"]
[Site "?"]
[Date "1991.??.??"]
[Round "?"]
[White "Nemet, Ivan"]
[Black "Gallagher, Joseph G"]
[Result "0-1"]
[WhiteElo "2450"]
[BlackElo "2520"]

1.d4 Nf6 2.c4 g6 3.Nc3 Bg7 4.e4 d6 5.Nf3 O-O 6.Be2 e5 7.O-O Nc6 8.d5 Ne7
9.Nd2 a5 10.a3 Bd7 11.b3 c5 12.dxc6 bxc6 13.Re1 Rb8 14.Rb1 d5 15.Bf1 Qc7
16.exd5 cxd5 17.Nb5 Qb6 18.a4 Bg4 19.Be2 Bf5 20.Ba3 Bxb1 21.Bxe7 Be4 22.cxd5 Bxd5
23.Bxf8 Bxf8 24.Nc4 Bxc4 25.Bxc4 Bc5 26.Qe2 Rd8 27.g3 e4 28.Kg2 h5 29.h3 h4
30.g4 Qb7 31.Kg1 Qb8 32.Kh1 e3 33.fxe3 Qg3 34.Qf1 Ne4 35.Rd1 Rxd1  0-1

[Event "Sydney Mercantile"]
[Site "Sydney"]
[Date "1991.??.??"]
[Round "5"]
[White "Van der Sterren, Paul"]
[Black "Wang Zili"]
[Result "0-1"]
[WhiteElo "2475"]
[BlackElo "2500"]

1.Nf3 Nf6 2.c4 g6 3.Nc3 Bg7 4.d4 O-O 5.e4 d6 6.Be2 e5 7.O-O Nc6 8.d5 Ne7
9.Nd2 a5 10.a3 Nd7 11.Rb1 f5 12.b4 Kh8 13.Qc2 axb4 14.axb4 Nf6 15.f3 Neg8
16.c5 Nh5 17.g3 Ngf6 18.Nc4 fxe4 19.fxe4 Bh3 20.Rf3 Ng4 21.b5 dxc5 22.b6 c6
23.Ba3 cxd5 24.Nxd5 Rxf3 25.Bxf3 Qf8 26.Qe2 Nhf6 27.Nc7 Rxa3 28.Nxa3 c4 29.Nc2 Qc5+
30.Kh1 Nf2+ 31.Kg1 N2g4+ 32.Kh1 Nf2+ 33.Kg1 Nd1+ 34.Kh1 Nc3 35.Qe1 Nxb1 36.Qxb1 Qf2
37.Qd1 Bf8 38.Qe2 Bg2+  0-1

[Event "Sydney Mercantile"]
[Site "Sydney"]
[Date "1991.??.??"]
[Round "6"]
[White "Ftacnik, Lubomir"]
[Black "Wang Zili"]
[Result "1/2-1/2"]
[WhiteElo "2590"]
[BlackElo "2500"]

1.d4 Nf6 2.Nf3 g6 3.c4 Bg7 4.Nc3 O-O 5.e4 d6 6.Be2 e5 7.O-O Nc6 8.d5 Ne7
9.Nd2 a5 10.Rb1 Nd7 11.a3 f5 12.b4 Kh8 13.Qc2 Ng8 14.f3 Ngf6 15.Nb5 Nh5 16.g3 Ndf6
17.c5 fxe4 18.fxe4 axb4 19.axb4 Bh3 20.Rf2 Qd7 21.c6 bxc6 22.Qxc6 Bh6 23.Nc4 Bxc1
24.Rxc1 Nxe4 25.Rxf8+ Rxf8 26.Qxd7 Bxd7 27.Nxc7 Rb8 28.b5 Bxb5 29.Nxb5 Rxb5
30.Nxd6 Nxd6 31.Bxb5 Nxb5 32.Re1 Nf6 33.Rxe5 Kg8 34.h3 Kf7  1/2-1/2

[Event "Teheran op"]
[Site "Teheran"]
[Date "1991.??.??"]
[Round "6"]
[White "Guseinov, Aidyn"]
[Black "Aryanejad, Hossein"]
[Result "1-0"]
[WhiteElo "2375"]
[BlackElo "2205"]

1.d4 Nf6 2.c4 g6 3.Nc3 Bg7 4.e4 d6 5.Be2 O-O 6.Nf3 e5 7.O-O Nc6 8.d5 Ne7
9.Ne1 Nd7 10.Nd3 f5 11.Bd2 Nf6 12.f3 f4 13.c5 g5 14.cxd6 cxd6 15.a4 Ng6 16.a5 Rf7
17.Nf2 Bf8 18.Nb5 h5 19.h3 Rh7 20.a6 b6 21.Ra3 Nh8 22.Qc2 Ne8 23.Rc1 Re7
24.Be1 Nf7 25.Nd3 Bd7 26.Nb4 Bxb5 27.Bxb5 Rc7 28.Rc3 Rc5 29.Bc6 Rb8 30.Bb7 Qc7
31.Nc6 Rxb7 32.axb7 Qxb7 33.b4 Rxc3 34.Qxc3 g4 35.fxg4 hxg4 36.Bh4 Nh8 37.hxg4 Qh7
38.Qe1 Ng6 39.Bg5 a5 40.bxa5 bxa5 41.Qxa5 Qd7 42.Qd8 Qxg4 43.Qxe8 Qxg5 44.Nd8 f3
45.Qf7+ Kh8 46.Qxf8+  1-0